Vodivé uhlíkové disperzie a vrstvy pre tlačenú elektroniku dizertačná práca

Saved in:
Bibliographic Details
Main Author: Hatala, Michal
Format: Book
Language:Slovak
Published: Bratislava STU FCHPT 2018
Online Access:View in OPAC
Tags: Add Tag
No Tags, Be the first to tag this record!

MARC

LEADER 00000nam a2200000 a 4500
005 20260127134416.0
008 200512 2018 xo a 001 0 slo d
035 |a vtls011960602 
039 9 |y 202005121249  |z mschk03 
040 |a STUSCHK1  |b slo  |c STUSCHK1  |e AACR2 
100 1 |a Hatala, Michal 
245 1 |a Vodivé uhlíkové disperzie a vrstvy pre tlačenú elektroniku  |b dizertačná práca  |c Michal Hatala 
260 |a Bratislava  |b STU FCHPT  |c 2018 
300 |a 139 s.  |b Obr., tab.  |c 25 cm 
500 |a Študijný program: technológia poymérnych materiálov 
500 |a Študijný odbor: technológia makromolekulových látok 
500 |a Školiace pracovisko: FCHPT-19991-77032 
500 |a Evid. číslo: FCHPT-19991-77032 
910 |a SCHK95 
999 |c 12089  |d 12089